书目信息 |
| 题名: |
希腊故事
|
|
| 作者: | 韩真真 , 李秋实 编著 | |
| 分册: | ||
| 出版信息: | 太原 山西教育出版社 2015 |
|
| 页数: | 234页 | |
| 开本: | 22cm | |
| 丛书名: | ||
| 单 册: | ||
| 中图分类: | K545.09 | |
| 科图分类: | ||
| 主题词: | ||
| 电子资源: | ||
| ISBN: | 978-7-5440-7664-7 | |
| 000 | 00794nam0 2200229 450 | |
| 001 | 7165 | |
| 005 | 20180605095455.57 | |
| 010 | @a978-7-5440-7664-7@dCNY19.00 | |
| 100 | @a20151126d2015 em y0chiy0110 ea | |
| 101 | 0 | @achi |
| 102 | @aCN@b140000 | |
| 105 | @ay z 000yy | |
| 200 | 1 | @a希腊故事@9xi la gu shi@f韩真真,李秋实编著 |
| 210 | @a太原@c山西教育出版社@d2015 | |
| 215 | @a234页@d22cm | |
| 330 | @a本书以“故事汇”形式,为你梳理希腊往事,探析其中纷繁奥秘。全书分为:古希腊神话传说、古希腊文明的起源、古希腊城邦的兴起、雅典的兴起、雅典城中的动乱、梭伦改革、古希腊的终结等部分。 | |
| 607 | @a希腊@x历史@j普及读物 | |
| 690 | @aK545.09@v5 | |
| 701 | 0 | @a韩真真@9han zhen zhen@4编著 |
| 701 | 0 | @a李秋实@9li qiu shi@4编著 |
| 801 | 0 | @aCN@b91MARC@c20151126 |
| 905 | @aMuseLib@dK545.09@e1 | |
| 希腊故事/韩真真,李秋实编著.-太原:山西教育出版社,2015 |
| 234页;22cm |
| ISBN 978-7-5440-7664-7:CNY19.00 |
| 本书以“故事汇”形式,为你梳理希腊往事,探析其中纷繁奥秘。全书分为:古希腊神话传说、古希腊文明的起源、古希腊城邦的兴起、雅典的兴起、雅典城中的动乱、梭伦改革、古希腊的终结等部分。 |
| ● |
| 相关链接 |
|
|
|
|
正题名:希腊故事
索取号:K545.09/1
 
预约/预借
| 序号 | 登录号 | 条形码 | 馆藏地/架位号 | 状态 | 备注 |
| 1 | 1116725 | 211167253 | 第二样本阅览室/ [索取号:K545.09/1] | 在馆 | |
| 2 | 1116726 | 211167262 | 教育系资料室/ [索取号:K545.09/1] | 在馆 | |
| 3 | 1116727 | 211167271 | 教育系资料室/ [索取号:K545.09/1] | 在馆 | |
| 4 | 1116728 | 211167280 | 第二借阅区/ [索取号:K545.09/1] | 在馆 |